000 00708nam a2200241Ia 4500
003 OSt
005 20220918214204.0
006 a|||||r|||| 00| 0
007 ta
008 220917b |||||||| |||| 00| 0 eng d
024 _a136,192
037 _cTextual
040 _aARTS
_cARTS
_beng
041 _2eng
_aeng
082 _aX9:97, K0
100 _aKerr Clark
_993881
245 0 _aIndustrialism and indusrial man
_b The problems of labour and management in economic growth
260 _aCambridge
_bHarward University Press
_c1960
650 _aECONOMICS
700 _a Dunlop John T
_9130113
942 _hX9:97, K0
_cTEXL
_2CC
999 _c259282
_d259282